000 00296 a2200121 4500
000 nam a22 7a 4500
005 20260206100315.0
020 _a9788197829819
100 _aKailash Banvasi
_91114029
245 _aThugs of Hindustan
260 _bNayee Kitab Prakashan
_c2025
942 _cTEXL
999 _c1678734
_d1678734